LDR 00549naa#a2200181#i#450# 001 EN\INFRA-M\bibl\126125 005 20260704192815.6 011 ## _a2500-3321 100 ## _a20260618b2026####ek#y0engy0150####ca 102 ## _aRU 200 1# _aThe problem of synergy between philosophy and science _eJournal article 210 1# _aMoscow _cINFRA-M Academic Publishing LLC. _d2026 215 ## _a10 с. 608 ## _aJournal article _2local 675 ## _aФилософия. Психология. 1 _z 700 #1 _aLebedev _gS. A. 700 #1 _aPavlova _gA. A. 856 4# _anaukaru.ru _u